00834pam a2200241 a 450000100060000000300080000600500170001400800410003102000150007203500190008704000270010604100080013308200270014110000200016824500880018826001270027630000340040350000200043750400300045765000250048765000440051265100360055625472BD-RjUL20211209050902.0140318s19731973maua b 001 0 eng d a0674199626 a(BD-RjUL)25542 aDLCcDLCdBD-RjULbeng aeng00a275.206219bELD 19731 aElison, George.10aDeus destroyed :bthe image of Christianity in early modern Japan /cGeorge Elison. aCambridge, Mass. :bCouncil on East Asian Studies, Harvard University :bDistributed by Harvard University Press,c c1973. axiv, 542 p. :bill. ;c23 cm. aIncludes index. aBibliography: p. 495-514. 0aChristianityzJapan. 0aChristianityxControversial literature. 0aJapanxPolitics and government.